| 000 -LEADER |
| fixed length control field |
01364 a2200313 4500 |
| 003 - CONTROL NUMBER IDENTIFIER |
| control field |
OSt |
| 005 - DATE AND TIME OF LATEST TRANSACTION |
| control field |
20180116192406.0 |
| 008 - FIXED-LENGTH DATA ELEMENTS--GENERAL INFORMATION |
| fixed length control field |
120613t xxu||||| |||| 00| 0 eng d |
| 010 ## - LIBRARY OF CONGRESS CONTROL NUMBER |
| LC control number |
2005024971 |
| 020 ## - INTERNATIONAL STANDARD BOOK NUMBER |
| International Standard Book Number |
1568985479 (pbk. : alk. paper) |
| 035 ## - SYSTEM CONTROL NUMBER |
| System control number |
(OCoLC)ocm61448190 |
| 040 ## - CATALOGING SOURCE |
| Transcribing agency |
0 |
| 082 00 - DEWEY DECIMAL CLASSIFICATION NUMBER |
| Classification number |
720.113 |
| 100 1# - MAIN ENTRY--PERSONAL NAME |
| Personal name |
Aranda, Benjamin. |
| 9 (RLIN) |
4582 |
| 245 10 - TITLE STATEMENT |
| Title |
Tooling / |
| Statement of responsibility, etc. |
Aranda/Lasch, Benjamin Aranda & Chris Lasch ; foreword by Cecil Balmond ; afterword by Sanford Kwinter. |
| 260 ## - PUBLICATION, DISTRIBUTION, ETC. |
| Place of publication, distribution, etc. |
New York : |
| Name of publisher, distributor, etc. |
Princeton Architectural Press, |
| Date of publication, distribution, etc. |
c2006. |
| 300 ## - PHYSICAL DESCRIPTION |
| Extent |
93 p. : |
| Other physical details |
chiefly ill. ; |
| Dimensions |
22 cm. |
| 490 1# - SERIES STATEMENT |
| Series statement |
Pamphlet architecture ; |
| Volume/sequential designation |
27 |
| 505 0# - FORMATTED CONTENTS NOTE |
| Formatted contents note |
Spiraling -- Packing -- Weaving -- Blending -- Cracking -- Flocking -- Tiling. |
| 650 10 - SUBJECT ADDED ENTRY--TOPICAL TERM |
| Topical term or geographic name entry element |
Architectural design |
| General subdivision |
Computer simulation. |
| 9 (RLIN) |
4583 |
| 650 10 - SUBJECT ADDED ENTRY--TOPICAL TERM |
| Topical term or geographic name entry element |
Architecture |
| General subdivision |
Computer-aided design. |
| 9 (RLIN) |
4584 |
| 700 1# - ADDED ENTRY--PERSONAL NAME |
| Personal name |
Lasch, Chris. |
| 9 (RLIN) |
4585 |
| 830 #0 - SERIES ADDED ENTRY--UNIFORM TITLE |
| Uniform title |
Pamphlet architecture ; |
| 9 (RLIN) |
4586 |
| 856 41 - ELECTRONIC LOCATION AND ACCESS |
| Materials specified |
Table of contents |
| Uniform Resource Identifier |
<a href="http://www.loc.gov/catdir/toc/ecip0518/2005024971.html">http://www.loc.gov/catdir/toc/ecip0518/2005024971.html</a> |
| 856 41 - ELECTRONIC LOCATION AND ACCESS |
| Materials specified |
Publisher description |
| Uniform Resource Identifier |
<a href="http://www.loc.gov/catdir/enhancements/fy0722/2005024971-d.html">http://www.loc.gov/catdir/enhancements/fy0722/2005024971-d.html</a> |
| 856 41 - ELECTRONIC LOCATION AND ACCESS |
| Materials specified |
Contributor biographical information |
| Uniform Resource Identifier |
<a href="http://www.loc.gov/catdir/enhancements/fy0738/2005024971-b.html">http://www.loc.gov/catdir/enhancements/fy0738/2005024971-b.html</a> |
| 942 ## - ADDED ENTRY ELEMENTS (KOHA) |
| Institution code [OBSOLETE] |
SADA |
| Koha item type |
Book |
| Call number prefix |
720.113 ARA 2006 |
| Source of classification or shelving scheme |
|